000 02120nam a2200289Ia 4500
001 F4973
003 IT-RoPAU
008 130308s9999 xx 000 0 und d
040 _aIT-RoPAU
040 _cIT-RoPAU
041 _aITALIANO
100 _aMerlo Tecla
100 _gCodice Aut. SPICS: 51860
245 _aConferenze prima maestra Tecla (vol. III-IV)
245 _bConferenze Prima maestra Tecla (Vol. Iii-Iv)
250 _a1a ed.
260 _aROMA
260 _bEdizioni Paoline Fsp
260 _c1966 [1° Ed.:1966 - Ed.Ling.Originale:1966]
300 _a"454 p. (prefazione: no ; testo: 454 [pagine: 0-0])"
500 _aVolume III (Marzo 1957 Dicembre 1960): Volontà di Dio nell'Obbedienza. Carità e Apostolato. Vita Comune. Mortificazione. Voti. Sopportarci a Vicenda. Volersi Bene, Amore Alla Congregazione e Osservanza dei Voti. Unione Fraterna. Formarsi Bene. Osservanza Religiosa. Sincerità, Parlare poco e Non Scoraggiarsi. Esercizi. Unione e Osservanza della Carità. Vita Interiore, Umiltà e Amore All'Apostolato. Preziosità del Tempo. Non giudicare e Non Criticare. nostre Penitenze: Lavoro e Apostolato. Amore Alla Madonna. Obbedienza. Silenzio. fede e Fortezza nell'Imitazione di San Paolo. Spirito di Povertà. Sapersi Aiutare e Sopportare. Lavorare per la Gloria di Dio e per le Anime. Docilità e Bel Garbo. Stare Preparate Alla Morte. saper tacere Eprudenza nel Parlare. costituzioni e Spirito Religioso. Volume Iv (Gennaio1961 settembre 1963): Povertà. Penitenze delle Figlie di San Paolo: Osservanza delle Costituzioni. Essere Contente. Lettura dei libri del Primo Maestro. Carità Vicendevole. Convivenza Serena nella Vita Comune. Uniformità Alla Volontà di Dio. Spirito Missionario. Imitare San Paolo. sentire l'amore per le Anime. Paradiso. Fervore e Osservanza Religiosa. Povertà. Docilità. Portare la croce . Umiltà. Pietà Paolina. ultimo saluto Alla Comunità di Roma (23.09.63). ultime Sue Parole Registrate (26.O9.63).
650 _aAUTORI/OPERE FAMIGLIA PAOLINA
650 _eCodice materia Spics: 9903
942 _cBK
957 _71
999 _c95640
_d95640
999 _g1